Top 5 Songs On Magical Mystery Tour (The Beatles) - Statistics

General Stats
  • This quiz has been taken 29 times
  • The average score is 5 of 5
Answer Stats
Hint Answer % Correct
134,462,959 Penny Lane
100%
86,360,923 I Am The Walrus
92%
173,169,781 Strawberry Fields Forever
92%
128,295,396 Hello, Goodbye
88%
167,529,677 All You Need is Love
85%
No matching quizzes found
Score Distribution
Percent of People with Each Score
Percentile by Number Answered
Your Score History
You have not taken this quiz